ბათუმის შოთა რუსთაველის სახელმწიფო უნივერსიტეტის ბიბლიოთეკა

მენეჯმენტის საფუძვლები : (ბიბ.ჩანაწერი № 49198)

000 -ლიდერი
ფიქსირებული სიგრძის საკონტროლო ველი 01248nam a2200253Ia 4500
001 - საკონტროლო ნომერი
საკონტროლო ველი 16109
003 - საკონტროლო ნომრის იდენტიფიკატორი
საკონტროლო ველი GE_BSU
005 - ბოლო ოპერაციის თარიღი და დრო
საკონტროლო ველი 20211210142909.0
008 - ფიქსირებული სიგრძის მონაცემთა ელემენტები - ზოგადი ინფორმაცია
ფიქსირებული სიგრძის საკონტროლო ველი 181216s2013ge xx |||||||||||||| ||geo||
020 ## - წიგნის საერთაშორისო სტანდარტული ნომერი
International Standard Book Number 9789941929687
040 ## - კატალოგიზაციის წყარო
Transcribing agency GE_BSU
041 ## - ენის კოდი
Language code of text/sound track or separate title geo
080 ## - უნივერსალური ათობითი კლასიფიკაციის ინდექსი
Universal Decimal Classification number 005(075.8) ხ-25
100 ## - მთავარი ჩანაწერი - პიროვნების სახელი
Personal name ხარხელი, მანანა.
9 (RLIN) 5740
245 ## - ცნობა სათაურის შესახებ
Title მენეჯმენტის საფუძვლები :
Remainder of title [სახელმძღვ] /
Statement of responsibility, etc მანანა ხარხელი; გიული ქეშელაშვილი ; რედ. აკაკი თავაძე.
264 ## - წარმოების, გამოცემის, დისტრიბუციის და სხვა ცნობები
გამოცემის, წარმოების, დისტრიბუციის... ადგილი თბილისი :
გამოცემის, წარმოების, დისტრიბუციის... სახელწოდება საჩინო,
გამოცემის, წარმოების, დისტრიბუციის... თარიღი 2013.
300 ## - ფიზიკური აღწერა
Extent 568 გვ. :
Other physical details ნახ. ;
Dimensions 20 სმ.
504 ## - BIBLIOGRAPHY, ETC. NOTE
Bibliography, etc ბიბლიოგრ. გვ: 567-568
653 ## - INDEX TERM--UNCONTROLLED
Uncontrolled term მენეჯმენტის საფუძვლები
653 ## - INDEX TERM--UNCONTROLLED
Uncontrolled term მენეჯმენტი -- სახელმძღვანელოები უმაღლესი სასწავლებლებისათვის.
700 ## - ADDED ENTRY--PERSONAL NAME
Personal name ქეშელაშვილი, გიული
9 (RLIN) 13259
700 ## - ADDED ENTRY--PERSONAL NAME
Personal name თავაძე, აკაკი
Relator term რედაქტორი
9 (RLIN) 13260
942 ## - ADDED ENTRY ELEMENTS (KOHA)
Koha item type წიგნი
Source of classification or shelving scheme
ეგზემპლარები
ჩამოწერის სტატუსი დაკარგული ეგზემპლარის სტატუსი კლასიფიკაციის წყარო ან თაროზე გაწყობის სქემა დაზიანების სტატუსი არ გაიცემა მუდმივი მდებარეობა (დაცვის ადგილი) ამჟამინდელი ადგილსამყოფელი თაროზე განთავსების ადგილი შეძენის თარიღი ღირებულება, შესყიდვის ნორმალური ფასი სრული შენახვის შიფრი შტრიხკოდი ბოლო ოპერაციის თარიღი ეგზემპლარის მიმდევრობითი ნომერი (კეტერი?) ფასის ძალაში შესვლის თარიღი ეგზემპლარის სახეობა საჯარო შენიშვნა
          ბათუმის შოთა რუსთაველის სახელმწიფო უნივერსიტეტის მთავარი ბიბლიოთეკა ბათუმის შოთა რუსთაველის სახელმწიფო უნივერსიტეტის მთავარი ბიბლიოთეკა წიგნსაცავი 2018-12-17 32.00 005(075.8) ხ-25 40149 2018-12-17 40149 2018-12-17 წიგნი 32.00
          ბათუმის შოთა რუსთაველის სახელმწიფო უნივერსიტეტის მთავარი ბიბლიოთეკა ბათუმის შოთა რუსთაველის სახელმწიფო უნივერსიტეტის მთავარი ბიბლიოთეკა წიგნსაცავი 2018-12-17 32.00 005(075.8) ხ-25 40150 2018-12-17 40150 2018-12-17 წიგნი 32.00
          ბათუმის შოთა რუსთაველის სახელმწიფო უნივერსიტეტის მთავარი ბიბლიოთეკა ბათუმის შოთა რუსთაველის სახელმწიფო უნივერსიტეტის მთავარი ბიბლიოთეკა წიგნსაცავი 2018-12-17 32.00 005(075.8) ხ-25 40151 2018-12-17 40151 2018-12-17 წიგნი 32.00
          ბათუმის შოთა რუსთაველის სახელმწიფო უნივერსიტეტის მთავარი ბიბლიოთეკა ბათუმის შოთა რუსთაველის სახელმწიფო უნივერსიტეტის მთავარი ბიბლიოთეკა წიგნსაცავი 2018-12-17 32.00 005(075.8) ხ-25 40152 2018-12-17 40152 2018-12-17 წიგნი 32.00
          ბათუმის შოთა რუსთაველის სახელმწიფო უნივერსიტეტის მთავარი ბიბლიოთეკა ბათუმის შოთა რუსთაველის სახელმწიფო უნივერსიტეტის მთავარი ბიბლიოთეკა წიგნსაცავი 2018-12-17 32.00 005(075.8) ხ-25 40153 2018-12-17 40153 2018-12-17 წიგნი 32.00